| 000 | 01085nam0a2200313 4500 | ||
|---|---|---|---|
| 001 | RU\NLR\ONL2\2316 | ||
| 005 | 20250613124549.0 | ||
| 010 | _a5-7539-0497-1 | ||
| 035 | _a(NLR Aleph) 009649919 | ||
| 090 |
_a9571875 _c9571875 |
||
| 100 | _a20040617d2003 |||y0rusy50 ca | ||
| 101 | 0 | _axal | |
| 102 | _aRU | ||
| 105 | _ay ||||||||| | ||
| 200 | 1 |
_aКлассин хоон умшлhна дегтр _e1-4-гч класст _fДегтр бурдэhэчнр Монкэн Мария, Онтан Зоя |
|
| 205 | _aЯсврта, немртэ 3-гч hарц | ||
| 210 |
_aЭлст _cХальмг дегтр hарhач _d2003 |
||
| 215 |
_a302,[1] с. _d22 |
||
| 541 | 1 |
_aКнига для внеклассного чтения в 1-4 классах _zrus |
|
| 606 | 0 |
_aКалмыцкий язык _91225153 _3RU\NLR\auth\66499000 |
|
| 686 | 1 | _aШ164.3-94 | |
| 702 | 1 |
_aМонкэн _bМ _gМария _4220 |
|
| 801 | 0 |
_aRU _bNLR _c20040617 _gPSBO |
|
| 852 |
_aNLR _bОНЛ _jКалм./3-625 |
||
| 942 | _cBOOK | ||
| 980 | _aNB | ||
| 980 | _aONL_RF | ||